000 00690nas a2200241 4500
001 BR9900803
003 BR-BrBNA
005 20231205101248.0
007 ta
008 230509b bl.|||p| |||| 00| 00por d
040 _aBR-BrBNA
_bpor
_cBiblioteca Nacional de Agricultura
041 _a(Pt)
072 _aF03
100 1 _aSilva, J.B.C. da
100 1 _aNakagawa, J.
245 1 _aMetodologia para avaliacao da resistencia de peletes
650 _aSemente
650 _aPellet
650 _aQualidade
773 0 _tHorticultura Brasileira (Brazil)
_xISSN 0102-0536
_g(Nov 1988), v. 16(2) p. 118-123
_wBR9900803
909 _a202311
_bLúcia
_c55
_dLúcia Elande
942 _2AGRIS
_n0
_cANA
999 _c160756
_d160756